000 00757nam a2200217 4500
001 FRBNF37438270000000X
003 http://catalogue.bnf.fr/ark:/12148/cb374382709
005 20241107153251.0
008 241107b |||||||| |||| 00| 0 eng d
020 _a9781610279826
040 _cCentral University Library
050 _aKF380
_b.C32 1921
100 _aCardozo, Benjamin N.
245 _aThe nature of the judicial process /
_cCardozo, Benjamin N. ; foreword by: Andrew L. Kaufman
260 _aNew Orleans, Louisiana
_bQuid Pro Books
_cc2010
300 _a120 pages;
_c22cm
490 _aLegal Legends Series
650 _2Judicial Process
700 _312343132
_oISNI0000000110444818
_aCardozo
_bBenjamin Nathan
_f1870-1938
_4070
942 _2lcc
_cBK
_n0
999 _c822
_d822